01561nam a2200217 a 450000100100000000500170001000800410002702000220006804000250009008200150011524500970013025000120022726000840023930000340032350000250035750000480038250507360043070000470116695201130121399900170132600001292820200929163113.0150130s1999 dr ac 000 0 spa d a8484002829 (v. 2) aDO-SdBNPbspacBNPHU axxxxbxxxx00aLengua española :beducación básica /cdirección editorial Lourdes Camilo de Cuello. a4a. ed. aSanto Domingo :bSecretaría de Estado de Educación y Cultura,c1999fTaller a8 v. :bil., retrs. ;c28 cm. aeducación básica aLa biblioteca solamente posee el volumen 2.1 av. 2 :gunidad 1 --tVolvemos a la escuela --gunidad 2 --t¡Ya no estoy solo! --gunidad 3 --tLas aventuras de Alicia --gunidad 4 --tLa fiesta de los sentidos --gunidad 5 --tJugamos y hacemos deporte --gunidad 6 --tHa llegado la navidad --gunidad 7 --tUna amistad poco común --gunidad 8 --tJuan sin miedo --gunidad 9 --tUna buena lección --gunidad 10 --t¡Cómo pasa el tiempo! --gunidad 11 --tUna buena noticia --gunidad 12 --tAgencia de viajes --gunidad 13 --tOtras formas de comunicación --gunidad 14 --tUna nueva casa --gunidad 15 --tLa chichigua pasea por el cielo --gunidad 16 --tUna visita al zoológico --gunidad 17 --tCuidamos la naturaleza --gunidad 18 --tLlegan las vacaciones --12aCamilo de Cuello, Lourdesedir. ed.913081 0010718PDaPDbPDcHDd2009-11-18iLF1l0oxxxx xxxxp12928-10r2020-06-25w2020-06-25yLFPDZNo se presta c12576d12576